|
|
|
|
| LEADER |
00000nab a2200000 a 4500 |
| 001 |
vtls000026972 |
| 003 |
SK-MaSNL |
| 005 |
20260305024355.0 |
| 008 |
111103c1979 xo 0 slo |
| 015 |
|
|
|a SNBRB19rr/mm-uuuuu
|
| 035 |
|
|
|a CL0037066
|
| 040 |
|
|
|a SNKBUCL
|b slo
|c SNKBUCL
|e AACR2
|
| 041 |
0 |
|
|a slo
|
| 044 |
|
|
|a xo
|c SK
|
| 080 |
|
|
|a 338.1
|2 1981
|
| 100 |
1 |
|
|a Rendoš, Ladislav,
|d 1924-1992
|4 aut
|9 151265
|
| 245 |
1 |
0 |
|a Východiská rozvoja
|b Úspešná bilancia uplynulých desiatich rokov
|c Ladislav Rendoš
|
| 650 |
0 |
7 |
|a národné hospodárstvo
|2 snkbucl
|9 846
|
| 655 |
|
7 |
|a články z novín a časopisov
|2 snkbucl
|9 267496
|
| 773 |
0 |
|
|t Práca
|g Roč. 34, č. 120 (24. 5. 1979), s. 1 a 4
|
| 850 |
|
|
|a Slovenská národná knižnica v Martine
|a MTA001
|
| 852 |
|
|
|a SNK
|b KIS3GCP
|
| 958 |
|
|
|a RK
|
| 992 |
|
|
|a RBX
|
| 999 |
|
|
|c 3302002
|d 3303932
|